[Event "Peter Stuart Memorial Open"]
[Site "Auckland NZL"]
[Date "2019.08.25"]
[Round "4"]
[White "McLaren, Leonard J"]
[Black "Ang, Alphaeus Wei Ern"]
[Result "1-0"]
[WhiteElo "2167"]
[BlackElo "2183"]
[PlyCount "69"]
[EventDate "2019.08.24"]

1. e4 d6 2. d4 Nf6 3. Nc3 g6 4. Bc4 Bg7 5. Qe2 Nc6 6. e5 Nxd4 7. exf6 Nxe2 8.
fxg7 Rg8 9. Ngxe2 c6 10. Bh6 e5 11. h4 d5 12. O-O-O Bd7 13. f4 dxc4 14. Ne4 Qb6
15. Nf6+ Ke7 16. Nxd7 Qe3+ 17. Kb1 f6 18. Rhe1 Rad8 19. Nc3 Qxe1 20. Rxe1 Rxd7
21. fxe5 f5 22. e6 Rd6 23. Bg5+ Ke8 24. Bf6 b5 25. Kc1 a6 26. Nd1 h6 27. Nf2 g5
28. hxg5 hxg5 29. Nh3 g4 30. Nf4 b4 31. Rh1 b3 32. axb3 cxb3 33. cxb3 c5 34.
Rh8 c4 35. Rxg8# 1-0

[Event "Peter Stuart Memorial Open"]
[Site "Auckland NZL"]
[Date "2019.08.25"]
[Round "4"]
[White "Thornton, Giovanni A"]
[Black "Hague, Ben"]
[Result "0-1"]
[WhiteElo "2053"]
[BlackElo "2394"]
[PlyCount "80"]
[EventDate "2019.08.24"]

1. d4 d5 2. Nf3 Bf5 3. c4 e6 4. Qb3 Nc6 5. e3 Nf6 6. c5 e5 7. Bb5 e4 8. Bxc6+
bxc6 9. Ne5 Bd7 10. Qa4 Qc8 11. Nd2 Be7 12. Nb3 O-O 13. O-O Be8 14. Nxc6 Bd8
15. Nba5 Qa6 16. b4 Rb8 17. Nxb8 Qxf1+ 18. Kxf1 Bxa4 19. Nbc6 a6 20. Kg1 Nd7
21. Bd2 f5 22. Rc1 Bf6 23. b5 Bxb5 24. Nb4 Bd8 25. Nxd5 c6 26. Nxc6 Bxc6 27.
Nb4 Bb5 28. c6 Nb6 29. c7 Bf6 30. Nd5 Nc8 31. Ba5 Kf7 32. Nc3 Bc6 33. Ne2 Bd7
34. f3 exf3 35. gxf3 Re8 36. Bd2 Nb6 37. Rc5 Be7 38. Rc1 Bd6 39. Ba5 Nd5 40.
Kf2 Nxe3 0-1

[Event "Peter Stuart Memorial Open"]
[Site "Auckland NZL"]
[Date "2019.08.25"]
[Round "4"]
[White "Steadman, Michael V R"]
[Black "Garbett, Paul A"]
[Result "0-1"]
[WhiteElo "2251"]
[BlackElo "2156"]
[PlyCount "94"]
[EventDate "2019.08.24"]

1. e4 c5 2. Nf3 Nc6 3. d4 cxd4 4. Nxd4 Nf6 5. Nc3 d6 6. g3 e6 7. Bg2 Bd7 8. O-O
Be7 9. Nde2 O-O 10. h3 a6 11. a4 Qc7 12. b3 Rab8 13. Bb2 Nb4 14. Qd2 Rfd8 15.
Nd4 Nc6 16. Nde2 Nb4 17. Nd4 Nc6 18. Nce2 e5 19. Nf5 Bxf5 20. exf5 d5 21. f4
Ne4 22. Qc1 Bc5+ 23. Kh2 Nd4 24. Nxd4 Bxd4 25. fxe5 Bxe5 26. Bxe5 Qxe5 27. Qf4
Qc3 28. Rac1 Rbc8 29. Rfd1 h6 30. Rd3 Qb2 31. c4 Nc5 32. Rxd5 Re8 33. f6 Re2
34. Rg1 Qxf6 35. Qxf6 gxf6 36. b4 Nxa4 37. c5 Rb2 38. Rd4 a5 39. Ra1 Re8 40.
Kg1 Nc3 41. Rg4+ Kf8 42. Bxb7 f5 43. Rc4 Ne2+ 44. Kf2 axb4 45. g4 f4 46. c6
Nd4+ 47. Kf1 Nc2 0-1

[Event "Peter Stuart Memorial Open"]
[Site "Auckland NZL"]
[Date "2019.08.25"]
[Round "4"]
[White "Capel, Evan T"]
[Black "Punsalan, Vyanla M"]
[Result "1-0"]
[WhiteElo "2172"]
[BlackElo "1904"]
[PlyCount "101"]
[EventDate "2019.08.24"]

1. d4 f5 2. Nf3 Nf6 3. c4 g6 4. b4 Bg7 5. Bb2 d6 6. e3 O-O 7. Be2 Qe8 8. Qb3 h6
9. Nc3 c6 10. O-O Kh8 11. Rfd1 g5 12. d5 Bd7 13. Nd4 Qf7 14. Qc2 Na6 15. Nxf5
Nxb4 16. Qb1 Bxf5 17. Qxf5 cxd5 18. cxd5 a5 19. a3 Nfxd5 20. Qxf7 Rxf7 21. Nxd5
Bxb2 22. axb4 Bxa1 23. Rxa1 Raf8 24. f3 e6 25. Nb6 axb4 26. Rb1 d5 27. Rxb4 Re7
28. Rb2 Kg7 29. Kf2 Rd8 30. Bd3 Kf6 31. Ke2 Rd6 32. Kd2 e5 33. e4 dxe4 34. fxe4
Kg6 35. Nd5 Rf7 36. Ke3 g4 37. Bb5 Kg5 38. Rb1 h5 39. Be8 Rf8 40. Bb5 Rf7 41.
Rc1 Rd8 42. Nc7 Re7 43. Nd5 Rf7 44. Nb4 Re7 45. Nd3 h4 46. Rf1 g3 47. hxg3 hxg3
48. Rf5+ Kh6 49. Nxe5 Ra8 50. Be2 Ra3+ 51. Kf4 1-0

[Event "Peter Stuart Memorial Open"]
[Site "Auckland NZL"]
[Date "2019.08.25"]
[Round "4"]
[White "Hart, Ralph"]
[Black "Vickers, Josia"]
[Result "1-0"]
[WhiteElo "2159"]
[BlackElo "1837"]
[PlyCount "91"]
[EventDate "2019.08.24"]

1. e4 c5 2. Nc3 Nc6 3. Bb5 Nd4 4. Nf3 Nxb5 5. Nxb5 d6 6. d4 Bd7 7. Nc3 cxd4 8.
Qxd4 e5 9. Qd3 Nf6 10. Bg5 Bc6 11. O-O-O a6 12. Rhe1 h6 13. Bxf6 Qxf6 14. Nd5
Bxd5 15. Qxd5 Be7 16. Qxb7 O-O 17. Rd3 Rfb8 18. Qd5 Ra7 19. Ree3 Rb5 20. Qc6
Rc5 21. Qe8+ Bf8 22. Rc3 Re7 23. Qa8 Rec7 24. Rxc5 dxc5 25. Rd3 Qc6 26. Qxc6
Rxc6 27. c4 Bd6 28. Rd5 f6 29. Nh4 Kf7 30. Nf5 Bf8 31. Rd7+ Ke6 32. Rd8 Kf7 33.
g4 g6 34. Ne3 Be7 35. Ra8 Bd6 36. Ra7+ Ke6 37. Rg7 g5 38. Nf5 Bf8 39. Ra7 Rb6
40. b3 Rc6 41. Kb2 Rb6 42. h3 Rc6 43. Ka3 Rc8 44. Rxa6+ Kf7 45. Ne3 Kg6 46. Nd5
1-0

[Event "Peter Stuart Memorial Open"]
[Site "Auckland NZL"]
[Date "2019.08.25"]
[Round "4"]
[White "Zhang, Jasmine Haomo"]
[Black "Gunn, Neil J"]
[Result "1-0"]
[WhiteElo "1936"]
[BlackElo "1969"]
[PlyCount "63"]
[EventDate "2019.08.24"]

1. d4 Nf6 2. Bf4 e6 3. e3 d5 4. Nd2 Bd6 5. Bg3 Bxg3 6. hxg3 Nbd7 7. Bd3 c5 8.
c3 Qb6 9. Rb1 e5 10. dxe5 Nxe5 11. Bc2 Bg4 12. Ngf3 O-O-O 13. Qc1 Rhe8 14. O-O
c4 15. b3 Qc5 16. bxc4 Bxf3 17. Rb5 Qc6 18. Nxf3 Nxf3+ 19. gxf3 dxc4 20. Rb4
Re5 21. Qb1 Rh5 22. Kg2 b6 23. Bf5+ Kb8 24. g4 Rh4 25. Rd1 Nd5 26. Be4 Qh6 27.
Bxd5 Rh2+ 28. Kf1 Rh1+ 29. Ke2 Rh2 30. Qe4 Rxf2+ 31. Kxf2 Qh2+ 32. Ke1 1-0

[Event "Peter Stuart Memorial Open"]
[Site "Auckland NZL"]
[Date "2019.08.25"]
[Round "4"]
[White "Metge, J Nigel"]
[Black "Lim, Benjamin U"]
[Result "1-0"]
[WhiteElo "1911"]
[BlackElo "1882"]
[PlyCount "81"]
[EventDate "2019.08.24"]

1. d4 Nf6 2. c4 e6 3. Nc3 Bb4 4. e3 b6 5. Nge2 Ne4 6. Qc2 f5 7. f3 Nxc3 8. Nxc3
O-O 9. a3 Bxc3+ 10. Qxc3 Bb7 11. Qc2 d6 12. Bd3 Qh4+ 13. Qf2 Qxf2+ 14. Kxf2 Nc6
15. b4 Ne7 16. Bb2 Rad8 17. Rad1 g5 18. Rhe1 Ng6 19. Bc2 Nh4 20. e4 fxe4 21.
Bxe4 d5 22. Bd3 g4 23. Kg3 Nxg2 24. Kxg2 Rxf3 25. c5 Rdf8 26. Rf1 e5 27. Be2 e4
28. Bxf3 exf3+ 29. Kg3 h5 30. Rde1 Ba6 31. Rf2 Kf7 32. Re5 Kg6 33. Bc1 Bc8 34.
Rg5+ Kf6 35. Rxd5 Re8 36. Rxh5 Re1 37. Bd2 Rg1+ 38. Kf4 Rh1 39. d5 bxc5 40.
bxc5 Ra1 41. Bc3+ 1-0

[Event "Peter Stuart Memorial Open"]
[Site "Auckland NZL"]
[Date "2019.08.25"]
[Round "4"]
[White "Duneas, John"]
[Black "Nagorski, Alex"]
[Result "1-0"]
[WhiteElo "2151"]
[BlackElo "1858"]
[PlyCount "53"]
[EventDate "2019.08.24"]

1. d4 d5 2. c4 dxc4 3. Nf3 Nf6 4. e3 e6 5. Bxc4 c5 6. O-O a6 7. a4 Nc6 8. Nc3
cxd4 9. exd4 Be7 10. Bg5 Nb4 11. Re1 O-O 12. Qe2 Bd7 13. Rad1 Nbd5 14. Nxd5
Nxd5 15. Bxd5 Bxg5 16. Bxb7 Bxa4 17. Bxa8 Be7 18. Be4 Bb4 19. Ra1 Bb5 20. Bd3
Bxd3 21. Qxd3 Bxe1 22. Rxe1 Qb6 23. b3 Rb8 24. Rc1 h6 25. Rc3 Rd8 26. h3 Rd5
27. Rc8+ 1-0

[Event "Peter Stuart Memorial Open"]
[Site "Auckland NZL"]
[Date "2019.08.25"]
[Round "4"]
[White "Krstev, Antonio"]
[Black "Meng, Richard"]
[Result "1/2-1/2"]
[WhiteElo "1959"]
[BlackElo "1814"]
[PlyCount "88"]
[EventDate "2019.08.24"]

1. d4 Nf6 2. c4 e6 3. Nc3 Bb4 4. f3 d5 5. a3 Bxc3+ 6. bxc3 c5 7. cxd5 exd5 8.
e3 O-O 9. Bd3 b6 10. Ne2 Ba6 11. Kf2 Bxd3 12. Qxd3 Nc6 13. a4 Na5 14. dxc5 bxc5
15. Ba3 Qc7 16. Nf4 Rad8 17. Qb5 Rfe8 18. Qxc5 Qxc5 19. Bxc5 Nb3 20. Bxa7 Nxa1
21. Rxa1 Ra8 22. Bd4 Ra6 23. Bxf6 Rxf6 24. Nxd5 Rd6 25. Rd1 Kf8 26. g4 Ra8 27.
Rd4 Ra5 28. e4 Rda6 29. Rb4 f6 30. Rb8+ Kf7 31. Rb7+ Kf8 32. Nb6 Ra7 33. Rxa7
Rxa7 34. c4 Ra6 35. c5 Ke7 36. Ke3 Kd8 37. Kd4 Kc7 38. Kd5 g5 39. Kc4 Kc6 40.
Kb4 Ra7 41. a5 Rb7 42. h3 h6 43. Kc4 Ra7 44. Kb4 Rb7 1/2-1/2

[Event "Peter Stuart Memorial Open"]
[Site "Auckland NZL"]
[Date "2019.08.25"]
[Round "4"]
[White "Johns, Daniel P"]
[Black "Xie, Felix"]
[Result "1/2-1/2"]
[WhiteElo "1882"]
[BlackElo "1705"]
[PlyCount "99"]
[EventDate "2019.08.24"]

1. e4 e6 2. d4 d5 3. Nd2 dxe4 4. Nxe4 Bd7 5. Nf3 Bc6 6. Bd3 Nd7 7. c3 Ngf6 8.
Bg5 Be7 9. Nxf6+ Bxf6 10. Bf4 O-O 11. O-O Be7 12. Re1 Bxf3 13. Qxf3 c6 14. Qg3
g6 15. Bc7 Qc8 16. Bd6 Qd8 17. Bxe7 Qxe7 18. Re3 Nf6 19. Rae1 Rad8 20. Bc4 Nd5
21. Re5 Rd6 22. Qg4 Rfd8 23. g3 Kg7 24. h4 Re8 25. Kg2 a5 26. Bxd5 cxd5 27. h5
b5 28. hxg6 hxg6 29. Rh1 Rh8 30. Rxh8 Kxh8 31. Re1 Qf6 32. Qe2 Rb6 33. a3 Kg8
34. Qf3 Qxf3+ 35. Kxf3 Kf8 36. Kf4 Ke7 37. f3 b4 38. axb4 axb4 39. Re2 b3 40.
Ke3 Ra6 41. Re1 Ra2 42. Rb1 Ra4 43. Kd3 Kd6 44. Rc1 Ra2 45. Rb1 Ra8 46. c4 Ra4
47. Rc1 f5 48. Rc3 Rb4 49. c5+ Kc6 50. f4 1/2-1/2

[Event "Peter Stuart Memorial Open"]
[Site "Auckland NZL"]
[Date "2019.08.25"]
[Round "4"]
[White "Mistry, Prashant"]
[Black "Hair, Philip I"]
[Result "1-0"]
[WhiteElo "1901"]
[BlackElo "1853"]
[PlyCount "83"]
[EventDate "2019.08.24"]

1. d4 d5 2. Bf4 Bg4 3. Qd3 Nf6 4. Qb5+ Qd7 5. Qxb7 Qc6 6. Qxc7 e6 7. Qxc6+ Nxc6
8. c3 Be7 9. h3 Bf5 10. g4 Bg6 11. e3 O-O 12. Nd2 Rfc8 13. Ba6 Nb4 14. Bxc8
Nc2+ 15. Kd1 Nxa1 16. Bb7 Rd8 17. Ngf3 Ne8 18. Ne5 Bh4 19. Nxg6 hxg6 20. Ke2
Nc2 21. Rc1 Nxe3 22. fxe3 Be7 23. b3 Ba3 24. Rb1 Bd6 25. Bc6 Bxf4 26. Bxe8 Bd6
27. Ba4 f6 28. c4 Bc7 29. Rc1 Ba5 30. a3 Bb6 31. b4 Kf7 32. Nb3 g5 33. Bc6 Kg6
34. Kd3 Rh8 35. cxd5 exd5 36. Rh1 Rd8 37. a4 Rd6 38. Be8+ Kh7 39. a5 Bd8 40.
Rc1 Re6 41. Bc6 Rd6 42. Rc5 1-0